Discipleship evangelism: (Record no. 11005)

000 -LEADER
fixed length control field 00691nam a2200193 a 4500
001 - CONTROL NUMBER
control field :::00008798$&:&@@
003 - CONTROL NUMBER IDENTIFIER
control field OkBaRHE
005 - DATE AND TIME OF LATEST TRANSACTION
control field 20000607103346.0
008 - FIXED-LENGTH DATA ELEMENTS--GENERAL INFORMATION
fixed length control field s1978 j 000 0 eng u
040 ## - CATALOGING SOURCE
Transcribing agency
100 1# - MAIN ENTRY--PERSONAL NAME
Personal name Stephens, Kenneth.
245 10 - TITLE STATEMENT
Title Discipleship evangelism:
Remainder of title a manual for evangelism through home Bible studies.
260 ## - PUBLICATION, DISTRIBUTION, ETC. (IMPRINT)
Place of publication, distribution, etc Eugene, OR., :
Name of publisher, distributor, etc Harvest House Publishers
Date of publication, distribution, etc 1978
300 ## - PHYSICAL DESCRIPTION
Extent 147 p. ;
Dimensions 29 cm
650 ## - SUBJECT ADDED ENTRY--TOPICAL TERM
Topical term or geographic name as entry element Evangelistic Work
942 ## - ADDED ENTRY ELEMENTS (KOHA)
Source of classification or shelving scheme
Koha item type Books
Copies
Damaged status Barcode Permanent Location Copy number Not for loan Date acquired Lost status Price effective from Withdrawn status Full call number Koha item type Shelving location Date last seen Source of classification or shelving scheme
 8798RHEMA Bible Training College1 2010-04-14 2010-04-14 BV 3795 .S7BooksGeneral Stacks2010-04-14 
 16609RHEMA Bible Training College2 2010-04-14 2010-04-14 BV 3795 .S7BooksGeneral Stacks2010-04-14